Nachbarländer Ugandas🇺🇬 - Statistiken

Allgemein
  • Dieses Quiz wurde 48 mal gespielt
  • Das Durchschnittsergebnis liegt bei 5 aus 5
Antwortstatistiken
Grenzlänge in km Nachbarland % Korrekt
765 Demokratische Republik Kongo🇨🇩
95%
933 Kenia🇰🇪
95%
169 Ruanda🇷🇼
95%
391 Tansania🇹🇿
88%
600 Südsudan🇸🇸
83%
Keine übereinstimmenden Quizze gefunden
Verteilung der Resultate
Anzahl Personen mit jedem Resultat
Perzentil nach korrekt beantworteten Fragen
Ihre Resultats-Entwicklung
Sie haben dieses Quiz noch nicht gespielt